000 00568nam a2200193 a 4500
001 000013900
005 20200929163406.0
008 091201s1959 sp 000 f spa d
040 _aDO-SdBNP
_bspa
_cBNPHU
082 _a863.3
_bP586j
245 0 3 _aLa pícara Justina.
260 _aBarcelona :
_bRamón Sopena,
_c1959.
300 _a319 p. ;
_c18 cm.
490 1 _aBiblioteca sopena
_v26-1
650 4 _aNovela española
_91123
650 4 _aLiteratura española
_ySIGLO XVII
_915578
650 4 _aNovela española
_91123
830 0 _aBiblioteca sopena ;
_v26-1
_912815
999 _c13505
_d13505